Astronomy Terms A-Z - Statistics

General Stats
  • This quiz has been taken 450 times
    447 since last reset
  • The average score is 17 of 26
Answer Stats
Definition Answer % Correct
G Gases, stars, and other objects held together by gravity; What the Milky Way is Galaxy
92%
D A small body that does meet criteria for planetary status Dwarf planet
89%
M Also called a shooting star, an object that enters Earth's atmosphere Meteor
88%
H The boundary between a landscape and the sky, where the sun rises/sets Horizon
87%
C A recognizable group of stars, such as Orion or Ursa Major Constellation
86%
S A huge explosion that occurs at the end of a star's life Supernova
86%
L The distance that light travels in one Earth year, equal to about 5.88 trillion miles Light-year
85%
U The entirety of space and time Universe
85%
X Light waves between ultraviolet and gamma rays on the spectrum X-ray
83%
O The curved path of a body around another body Orbit
81%
N Clouds of ionized gases, hydrogen, helium, and dust that may become stars Nebula
80%
T Tool often used by astronomers that captures and focuses light Telescope
80%
A A minor planet; mostly found in a belt between Jupiter and Mars Asteroid
79%
Y A stable star that is fusing hydrogen into helium. What the Sun is. Yellow dwarf
70%
I The planets of Mercury, Venus, Earth, and Mars Inner planet
63%
Q An extremely active, galactic center Quasar
61%
Z Point in a sky directly overhead of a viewer Zenith
59%
K Region of the Solar System beyond Neptune's orbit Kuiper Belt
58%
B A system where two celestial bodies orbit around each other {Binary} system
55%
W Stellar remnants that are much cooler and fainter than other stars White dwarf
49%
J Relating to the planet Jupiter Jovian
44%
R When a body rotates, orbits, or moves in a different way from its usual Retrograde
35%
V A star that varies in brightness Variable star
28%
F Objects in the sky don't appear to move, also called a background star Fixed star
19%
E Any object that is egg or ovular-shaped Ellipsoid
18%
P The outermost part of a star, where light is radiated from Photosphere
17%
No matching quizzes found
Score Distribution
Percent of People with Each Score
Percentile by Number Answered
Your Score History
You have not taken this quiz since the last reset